000 00877nam a22002897a 4500
003 CHAP
005 20220329134513.0
008 971013s1965 r 00010 d
010 _a21296
011 _a22268
035 _a26362
040 _cCHAP
082 _a631.6
_bD73
100 0 0 _aDrablos, Carroll J. W.
_934150
245 _aHighway and agricultural drainage practices
260 _aUrbana :
_bUniv. of Illinois,
_c1965
300 _a159 p.
_b: ilus.
490 _aEngineering Exp. Sta. Bulltin
_v; 480
590 _aBATCH-UPD
_b10
_c20130110
_lUCH01
_h1422
590 _aCONVERSION
_b10
_c20130109
_lUCH01
_h1313
650 1 4 _aDrenaje.
_934190
700 0 _aJones, Benjamin A., Jr.
_961977
830 0 _aEngineering Exp. Sta. Bulltin
_v; 480
_936969
901 _aBK
942 _cLIBRO
949 _a631.6 D73
_bBC
_cLIBRO
_d33724000163119
_eLIBRO
_h27349
_i26362
_mD
_si
999 _c21296
_d21296